Identifikácia, členenie a vykazovanie záväzkov poisťovne podľa IFRS diplomová práca

Na minha lista:
Detalhes bibliográficos
Autor principal: Prsteková, Mária
Autor Corporativo: Fakulta hospodárskej informatiky EU. Katedra účtovníctva a audítorstva
Outros Autores: Juhászová, Zuzana, 1970-
Formato: Livro
Idioma:eslovaco
Publicado em: Bratislava 2013
Tags: Adicionar Tag
Sem tags, seja o primeiro a adicionar uma tag!

MARC

LEADER 00000nbm a2200000 4500
001 0182542
005 20170201105742.2
041 0 |a slo 
044 |a SK 
245 1 0 |a Identifikácia, členenie a vykazovanie záväzkov poisťovne podľa IFRS  |b diplomová práca  |c Mária Prsteková ; školiteľ: Zuzana Juhászová 
264 1 |a Bratislava  |c 2013 
300 |a 60 s. 
100 1 |a Prsteková, Mária 
700 1 |a Juhászová, Zuzana, 1970- 
710 2 |a Fakulta hospodárskej informatiky EU. Katedra účtovníctva a audítorstva